Evaluación preliminar del sistema de tratamiento de aguas negras de Linda Vista S.A
Gespeichert in:
| 1. Verfasser: | |
|---|---|
| Format: | Buch |
| Veröffentlicht: |
San José, Costa Rica
1993
|
| Schlagworte: | |
| Tags: |
Tag hinzufügen
Keine Tags, Fügen Sie den ersten Tag hinzu!
|
MARC
| LEADER | 00000nam a2200000Ia 4500 | ||
|---|---|---|---|
| 003 | 006044 | ||
| 005 | 20221231144316.0 | ||
| 008 | 140114s1993 cr a m 000 ||s d | ||
| 040 | |c cru CEDI | ||
| 090 | |a TFG 2734 | ||
| 100 | |a Cerdas Castro, Luis Alonso |9 12063 | ||
| 245 | |a Evaluación preliminar del sistema de tratamiento de aguas negras de Linda Vista S.A | ||
| 260 | |c 1993 |a San José, Costa Rica | ||
| 300 | |a 111, [56] hojas : ilustraciones ; 29 cm. | ||
| 500 | |a Proyecto de graduación (licenciatura en ingeniería civil)--Universidad de Costa Rica. Facultad de Ingeniería. Escuela de Ingeniería Civil | ||
| 650 | |x PURIFICACION DE AGUAS RESIDUALES |9 12064 | ||
| 942 | |c TFG | ||
| 999 | |c 19925 |d 19925 | ||
